000 01145nam a2200349 c 4500
001 59212
003 CO-BoRNBP
005 20250919135100.0
007 ta
008 160601s2004 sp ab jr 000 f spa d
020 _a9587041232
040 _aCO-BoRNBP
_bspa
_erda
_cCO-BoRNBP
041 1 _aspa
_heng
043 _ae-uk-en
084 _aN DAH1
100 1 _aDahl, Roald
_d1916-1990
_eautor
245 1 0 _aVolando solo /
_cRoald Dahl ; traducción de Pedro Barbadillo.
250 _aPrimera edición
264 1 _aMadrid, España :
_bAlfaguara,
_c2004
300 _a184 páginas :
_bilustraciones, mapas
336 _atexto
_btxt
_2rdacontent
337 _asin mediación
_bn
_2rdamedia
338 _avolumen
_bnc
_2rdacarrier
521 1 _aRecomendado para un público mayor de 12 años
650 0 7 _aCigotos en la literatura
_2lemb
_965020
650 0 4 _aNovela inglesa
_ySiglo XX
_vManuales, vademécum, etc
_2LEMB
_963111
650 0 7 _aViajes en la literataura
_2lemb
650 0 4 _aLiteratura inglesa
_ySiglo XX
_2LEMB
_92623
655 _aManuales, vademécum, etc
_963112
700 _aBarbadillo, Pedro
_etrl
_9273
942 _2loc
_cBKLIT
999 _c59212
_d59212